Name every Violetta song! - Statistics

General Stats
  • This quiz has been taken 734 times
  • The average score is 34 of 62
Answer Stats
Hint Song % Correct
Theme Song En Mi Mundo
92%
Leon Voy por Ti
87%
Violetta Te Creo
83%
Violetta + Leon Podemos
80%
Diego Yo Soy Asi
78%
Group Ser Mejor
71%
Violetta + Fran + Cami Codigo Amistad
70%
Ludmila Destinada a Brillar
70%
Boyband Are You Ready For The Ride?
68%
Violetta Habla Si Puedes
68%
Violetta + Fran + Cami Veo Veo
68%
Violetta + Francesca Junto a Ti
67%
Group Hoy Somos Mas
66%
Ludmila + Naty Peligrosamente Bellas
66%
Violetta + Ludmila Si Es Por Amor
65%
Group On Beat
64%
Violetta + Leon Nuestro Camino
63%
Violetta Underneath it All
63%
Group Juntos Somos Mas
60%
Violetta Como Quieres
59%
Tomas Entre Tu y Yo
59%
Violetta Supercreativa
59%
Group Ven y Canta
59%
Violetta + Tomas Tienes Todo
58%
Violetta Descubri
57%
Group En Gira
57%
Leon Amor en el Aire
56%
Violetta + Germán Soy Mi Mejor Momento
56%
Group Euforia
55%
Francesca Aprendí a Decir Adiós
54%
Tomas / Leon (Live) Te Esperare
53%
Violetta + Leon Abrazame y Veras
52%
Federico Luz, Cámara, Acción
52%
Leon Entre Dos Mundos
51%
Violetta / Ludmila Quiero
51%
Broduey Te Fazer Feliz
51%
Maxi + Ludmila Ahi Estare
50%
Violetta, Maxi, Fran and Cami Algo Suena en Mi
50%
Federico Rescata mi Corazón
50%
Group Crecimos Juntos
49%
All Girls Alcancemos las Estrellas
48%
Group Algo Se Enciende
48%
Boyband Dile Que Si
48%
Boyband Mi Princesa
48%
Group Llamame
47%
Tomas Verte de Lejos
47%
Group Friends 'Till the End
46%
Group Tienes el Talento
46%
Boyband Ven Con Nosotros
46%
Violetta + Fran + Cami A Mi Lado
44%
Diego Ser Quien Soy
43%
Boyband Cuando me Voy
42%
Group Esto No Puede Terminar
42%
Violetta + Ludmila Mas que Dos
42%
Fran + Cami + Naty Encender Nuestra Luz
41%
Boyband Mil Vidas Atras
40%
Boyband Tu Foto de Verano
39%
Group Es Mi Pasion
36%
Violetta + Rock Bones A los Cuatro Vientos
35%
Violetta + Rock Bones Mi Perdicion
32%
Boyband Solo Pienso en Ti
32%
Boyband Mas que Una Amistad
30%
No matching quizzes found
Score Distribution
Percent of People with Each Score
Percentile by Number Answered
Your Score History
You have not taken this quiz